[Event "Catalunya-chT Gp2"]
[Site "Barcelona"]
[Date "2020.01.18"]
[Round "1.10"]
[White "Ramirez Carrizo, Victor Jose"]
[Black "Jimenez Ruano, Adrian"]
[Result "1-0"]
[WhiteElo "2190"]
[BlackElo "2240"]
[PlyCount "87"]
[EventDate "2020.01.18"]
[EventType "team-tourn"]
[EventRounds "7"]
[EventCountry "ESP"]
[SourceTitle "CBM 194 Extra"]
[Source "ChessBase"]
[SourceDate "2020.03.31"]
[SourceVersion "1"]
[SourceVersionDate "2020.03.31"]
[SourceQuality "1"]
[WhiteTeam "Barbera"]
[BlackTeam "Barcelona Escacs CC"]
[WhiteTeamCountry "ESP"]
[BlackTeamCountry "ESP"]

1. e4 c6 2. d4 d5 3. e5 Bf5 4. h4 h5 5. Bd3 Bxd3 6. Qxd3 e6 7. Bg5 Be7 8. Nf3 Nh6 9. Nc3 Na6 10. Ne2 Nf5 11. Ng3 Nxg3 12. fxg3 Qd7 13. 0-0 0-0-0 14. Bd2 Rdf8 15. c3 c5 16. Ng5 f6 17. Nh7 f5 18. Nxf8 Rxf8 19. b3 Kb8 20. Be3 Rg8 21. Qe2 cxd4 22. cxd4 g6 23. a3 Nc7 24. Rfc1 f4 25. Bxf4 Nb5 26. Qd2 Bxa3 27. Rc2 a6 28. Bg5 Rc8 29. Rxc8+ Qxc8 30. Kh2 Qf8 31. Qd3 Bb2 32. Rf1 Qb4 33. Qxg6 Bxd4 34. Qxe6 Qxb3 35. Qf5 Nc3 36. e6 Ne4 37. Bf4+ Ka7 38. e7 Qb5 39. Bb8+ Kb6 40. Qf8 Nd2 41. Qd8+ Kc5 42. Rc1+ Kb4 43. e8Q Nf1+ 44. Kh1 1-0

[Event "Catalunya-chT GpA final"]
[Site "Barcelona"]
[Date "2018.04.07"]
[Round "3.10"]
[White "Ramirez Carrizo, Victor Jose"]
[Black "Orteu Capdevila, Max"]
[Result "1-0"]
[WhiteElo "2165"]
[BlackElo "2156"]
[PlyCount "55"]
[EventDate "2018.03.10"]
[EventType "team-tourn"]
[EventRounds "4"]
[EventCountry "ESP"]
[SourceTitle "CBM 183 Extra"]
[Source "ChessBase"]
[SourceDate "2018.04.19"]
[SourceVersion "1"]
[SourceVersionDate "2018.04.19"]
[SourceQuality "1"]
[WhiteTeam "Barbera"]
[BlackTeam "Barcelona Escola Escacs"]
[WhiteTeamCountry "ESP"]
[BlackTeamCountry "ESP"]

1. e4 c5 2. Nf3 d6 3. d4 Nf6 4. Nc3 cxd4 5. Nxd4 a6 6. Bg5 e6 7. f4 h6 8. Bh4 Be7 9. Qf3 Nbd7 10. 0-0-0 Qc7 11. f5 Ne5 12. Qh3 Nfg4 13. Be2 Bxh4 14. Bxg4 Qe7 15. Kb1 Nxg4 16. Qxg4 Bd7 17. Qxg7 Bf6 18. Qg3 0-0-0 19. Nce2 Kb8 20. Qb3 Rhg8 21. g3 Rc8 22. fxe6 fxe6 23. Nf4 Rge8 24. Qb4 Rg8 25. Ndxe6 Rc6 26. Nd4 Rc5 27. Nb3 Qe5 28. Nxc5 1-0

[Event "Catalunya-chT Gp2 final"]
[Site "Barcelona"]
[Date "2016.04.16"]
[Round "4.2"]
[White "Ramirez Carrizo, Victor Jose"]
[Black "Garriga Biosca, Francesco"]
[Result "1/2-1/2"]
[WhiteElo "2147"]
[BlackElo "2016"]
[PlyCount "139"]
[EventDate "2016.03.12"]
[EventType "team-tourn"]
[EventRounds "4"]
[EventCountry "ESP"]
[SourceTitle "EXT 2017"]
[Source "ChessBase"]
[SourceDate "2016.10.25"]
[SourceVersion "1"]
[SourceVersionDate "2016.10.25"]
[SourceQuality "1"]
[WhiteTeam "Barbera"]
[BlackTeam "Catalunya"]
[WhiteTeamCountry "ESP"]
[BlackTeamCountry "ESP"]

1. e4 e6 2. d4 d5 3. Nc3 dxe4 4. Nxe4 Nd7 5. Nf3 Ngf6 6. Bd3 b6 7. Qe2 Bb7 8. Nxf6+ Nxf6 9. Bg5 Be7 10. 0-0-0 Bxf3 11. gxf3 Qd6 12. Kb1 c6 13. Rhg1 g6 14. c4 Nh5 15. d5 Bxg5 16. Rxg5 Nf4 17. Qe4 Nxd3 18. Rxd3 0-0-0 19. Re5 Rhe8 20. Qe2 Kc7 21. Rde3 cxd5 22. cxd5 Kb8 23. a3 Re7 24. f4 Rde8 25. h4 h5 26. b4 Rc8 27. dxe6 fxe6 28. f5 Rec7 29. fxe6 Rc1+ 30. Kb2 Qc6 31. Rc5 bxc5 32. Kxc1 cxb4+ 33. Kd2 Qc2+ 34. Ke1 Qb1+ 35. Qd1 Rc1 36. Qxc1 Qxc1+ 37. Ke2 Qc2+ 38. Ke1 Qc6 39. e7 Qe8 40. axb4 Kc7 41. Ke2 Kd7 42. Rd3+ Ke6 43. Re3+ Kf7 44. Rf3+ Ke6 45. Re3+ Kf5 46. Kf3 g5 47. hxg5 Kxg5 48. Kg3 Kf5 49. Kh2 Kg4 50. Rg3+ Kf4 51. Re3 Kg5 52. Rg3+ Kf6 53. Re3 Kf7 54. Rf3+ Ke6 55. Re3+ Kd7 56. Rd3+ Kc6 57. Re3 Kd5 58. Kg2 Kc4 59. Re4+ Kd5 60. Re3 Kd6 61. Rd3+ Kxe7 62. Re3+ Kf7 63. Rxe8 Kxe8 64. Kg3 Kf7 65. Kh4 Kg6 66. b5 Kh6 67. f4 Kg6 68. f5+ Kxf5 69. Kxh5 Ke4 70. Kg4 1/2-1/2

[Event "Catalunya-chT Gp2"]
[Site "Barcelona"]
[Date "2015.03.07"]
[Round "7.4"]
[White "Ramirez Carrizo, Victor Jose"]
[Black "Diaz Camallonga, Carles"]
[Result "0-1"]
[WhiteElo "2119"]
[BlackElo "2357"]
[PlyCount "45"]
[EventDate "2015.01.24"]
[EventType "team-tourn"]
[EventRounds "7"]
[EventCountry "ESP"]
[SourceTitle "EXT 2016"]
[Source "ChessBase"]
[SourceDate "2015.10.08"]
[SourceVersion "1"]
[SourceVersionDate "2015.10.08"]
[SourceQuality "1"]
[WhiteTeam "Barbera"]
[BlackTeam "Colon Sabadell"]
[WhiteTeamCountry "ESP"]
[BlackTeamCountry "ESP"]

1. e4 e6 2. d4 d5 3. Nc3 Bb4 4. e5 c5 5. a3 Bxc3+ 6. bxc3 Qc7 7. Qg4 f5 8. Qg3 Ne7 9. Ne2 0-0 10. h4 Nbc6 11. h5 f4 12. Qd3 Qa5 13. Bd2 Qa4 14. Rh4 f3 15. Ng3 Nxe5 16. Qe3 fxg2 17. Bxg2 Nc4 18. Qd3 Nb2 19. Qe2 Qxc2 20. Bf1 Nc4 21. Ne4 Qb2 22. Rd1 Nxa3 23. Rh1 0-1

[Event "Catalunya-chT Gp2"]
[Site "Barcelona"]
[Date "2015.02.07"]
[Round "3.2"]
[White "Ramirez Carrizo, Victor Jose"]
[Black "Valencia Jimenez, Jose"]
[Result "1/2-1/2"]
[WhiteElo "2119"]
[BlackElo "2035"]
[PlyCount "66"]
[EventDate "2015.01.24"]
[EventType "team-tourn"]
[EventRounds "7"]
[EventCountry "ESP"]
[SourceTitle "CBM 164 Extra"]
[Source "ChessBase"]
[SourceDate "2015.03.02"]
[SourceVersion "1"]
[SourceVersionDate "2015.03.02"]
[SourceQuality "1"]
[WhiteTeam "Barbera"]
[BlackTeam "Cerdanyola Valles"]
[WhiteTeamCountry "ESP"]
[BlackTeamCountry "ESP"]

1. e4 c5 2. Nf3 Nc6 3. d4 cxd4 4. Nxd4 g6 5. Nc3 Bg7 6. Be3 Nf6 7. Bc4 0-0 8. Bb3 Qa5 9. f3 d6 10. Qd2 Bd7 11. 0-0-0 Rac8 12. h4 Nxd4 13. Bxd4 Be6 14. Kb1 Bxb3 15. axb3 Rfd8 16. Bxf6 Bxf6 17. Nd5 Qxd2 18. Nxf6+ exf6 19. Rxd2 Kf8 20. Rd4 Ke7 21. Rhd1 Ke6 22. Rc4 Rc6 23. Kc1 Rdc8 24. Rdd4 h5 25. Rxc6 bxc6 26. Rb4 Rc7 27. Kd2 Ke5 28. Ke3 f5 29. exf5 Kxf5 30. g4+ hxg4 31. fxg4+ Ke5 32. Re4+ Kd5 33. Rd4+ Ke5 1/2-1/2

[Event "Dos Hermanas Internet qual-C 10th"]
[Site "ICC INT"]
[Date "2009.03.14"]
[Round "5"]
[White "Ramirez Carrizo, Victor Jose"]
[Black "Bates, Lee"]
[Result "1-0"]
[WhiteElo "2144"]
[BlackElo "2178"]
[PlyCount "43"]
[EventDate "2009.03.14"]
[EventType "swiss (blitz)"]
[EventRounds "12"]
[EventCountry "ESP"]
[SourceTitle "CBM 129 Extra"]
[Source "ChessBase"]
[SourceDate "2009.05.05"]
[SourceVersion "2"]
[SourceVersionDate "2009.05.20"]
[SourceQuality "1"]

1. Nc3 Nf6 2. e4 e5 3. Nf3 Nc6 4. d4 exd4 5. Nd5 Be7 6. Nxd4 0-0 7. Nf5 d6 8. Nfxe7+ Nxe7 9. Nxf6+ gxf6 10. Bd3 Ng6 11. Qf3 Kh8 12. Bh6 Rg8 13. 0-0-0 Nh4 14. Qe2 Rg6 15. Be3 Nxg2 16. Bd4 c5 17. Bc3 Nh4 18. Rhg1 Kg7 19. e5 dxe5 20. Bxg6 Qc7 21. Bxf7+ Kxf7 22. Qh5+ 1-0

[Event "Dos Hermanas Internet qual-D 10th"]
[Site "ICC INT"]
[Date "2009.03.14"]
[Round "9"]
[White "Ramirez Carrizo, Victor Jose"]
[Black "Dunne, Alex"]
[Result "0-1"]
[WhiteElo "2144"]
[BlackElo "2220"]
[PlyCount "50"]
[EventDate "2009.03.14"]
[EventType "swiss (blitz)"]
[EventRounds "12"]
[EventCountry "ESP"]
[SourceTitle "EXT 2010"]
[Source "ChessBase"]
[SourceDate "2010.11.25"]
[SourceVersion "1"]
[SourceVersionDate "2010.11.25"]
[SourceQuality "1"]

1. Nc3 d5 2. e4 dxe4 3. Nxe4 e5 4. Nf3 Nf6 5. Ng3 Nc6 6. Bb5 Bd6 7. d3 0-0 8. 0-0 Bd7 9. Bg5 h6 10. Bxf6 Qxf6 11. Ne4 Qe7 12. Nxd6 cxd6 13. Re1 a6 14. Ba4 f5 15. d4 e4 16. Bb3+ Kh7 17. Qd2 Qf6 18. d5 exf3 19. dxc6 Bxc6 20. g3 Qg6 21. Qd3 Qh5 22. a4 Rae8 23. Rad1 Re2 24. Be6 Qh3 25. Bxf5+ Rxf5 0-1

[Event "Dos Hermanas Internet qual-D 10th"]
[Site "ICC INT"]
[Date "2009.03.14"]
[Round "8"]
[White "Zapolskis, Antanas J"]
[Black "Ramirez Carrizo, Victor Jose"]
[Result "1-0"]
[WhiteElo "2344"]
[BlackElo "2144"]
[PlyCount "53"]
[EventDate "2009.03.14"]
[EventType "swiss (blitz)"]
[EventRounds "12"]
[EventCountry "ESP"]
[SourceTitle "EXT 2010"]
[Source "ChessBase"]
[SourceDate "2010.11.25"]
[SourceVersion "1"]
[SourceVersionDate "2010.11.25"]
[SourceQuality "1"]

1. e4 c5 2. Nf3 Nc6 3. Bb5 a6 4. Bxc6 dxc6 5. h3 Nf6 6. d3 g6 7. 0-0 Bg7 8. a4 a5 9. Be3 b6 10. Qd2 0-0 11. Bh6 Ba6 12. Bxg7 Kxg7 13. b3 Qc7 14. Qc3 Kg8 15. Nbd2 Rad8 16. Qe5 Qd7 17. Nc4 Bxc4 18. bxc4 Rb8 19. Rab1 Qd6 20. Qc3 Nd7 21. e5 Qe6 22. Rfe1 Qf5 23. Re4 e6 24. Rbe1 Rfd8 25. d4 Nf8 26. g4 cxd4 27. Qd3 1-0